Footballeurs Célèbres du Paris Saint-Germain par Photo - Statistiques

Statistiques générales
  • Ce quiz a été pris 2 652 fois
  • Le résultat moyen est 23 sur 30
Statistiques - réponses
Par images Réponse % Correct
Lionel Messi
100%
Kylian Mbappé
98%
Neymar
96%
Ronaldinho
94%
Sergio Ramos
93%
Marco Verratti
92%
Ángel Di María
91%
Gianluigi Donnarumma
91%
Zlatan Ibrahimović
91%
Achraf Hakimi
90%
Edinson Cavani
90%
Presnel Kimpembe
89%
Adrien Rabiot
88%
Blaise Matuidi
88%
Thiago Silva
88%
Marquinhos
86%
Keylor Navas
80%
David Luiz
78%
Julian Draxler
72%
Thiago Motta
66%
Lucas Moura
65%
Javier Pastore
62%
Nicolas Anelka
60%
Maxwell
57%
David Ginola
55%
Claude Makélélé
53%
Ezequiel Lavezzi
52%
Pauleta
46%
George Weah
45%
Jay-Jay Okocha
31%
Aucun quiz correspondant
Distribution des résultats
% des personnes avec chaque résultat
Percentile par nombre de réponses
Votre historique - résultats
Vous n’avez pas pris ce quiz